Chăn nuôi lợn trang trại

Giáo trình thể hiện các vấn đề lý thuyết và thực hành của việc nuôi lợn ở trang trại sách được biên soạn dựa trên các kiến thức mới về nhân giống, dinh dưỡng và kỹ thuật chăn nuôi lợn...

Πλήρης περιγραφή

Αποθηκεύτηκε σε:
Λεπτομέρειες βιβλιογραφικής εγγραφής
Κύριος συγγραφέας: Nguyễn, Thanh Sơn
Μορφή: Βιβλίο
Γλώσσα:Undetermined
Έκδοση: Hà Nội Lao động - Xã hội 2006
Θέματα:
Ετικέτες: Προσθήκη ετικέτας
Δεν υπάρχουν, Καταχωρήστε ετικέτα πρώτοι!
Thư viện lưu trữ: Trung tâm Học liệu Trường Đại học Cần Thơ
LEADER 00934nam a2200217Ia 4500
001 CTU_122008
008 210402s9999 xx 000 0 und d
020 |c 25000 
082 |a 636.4 
082 |b S464 
100 |a Nguyễn, Thanh Sơn 
245 0 |a Chăn nuôi lợn trang trại 
245 0 |c Nguyễn Thanh Sơn ; Nguyễn Quế Côi 
260 |a Hà Nội 
260 |b Lao động - Xã hội 
260 |c 2006 
520 |a Giáo trình thể hiện các vấn đề lý thuyết và thực hành của việc nuôi lợn ở trang trại sách được biên soạn dựa trên các kiến thức mới về nhân giống, dinh dưỡng và kỹ thuật chăn nuôi lợn 
650 |a Breeding,Chăn nuôi,Chăn nuôi 
650 |x Swine,Heo,Lợn 
904 |i Nguyên 
980 |a Trung tâm Học liệu Trường Đại học Cần Thơ